000 00934nam a2200277#a 4500
001 02274
003 HDC
007 ta
008 230623s2013 xx 000 0 eng d
020 _a9789832786030 (pbk).
040 _aHDC
050 _aHD30.2
_b .P47 2013
110 _aPerbadanan Produktiviti Malaysia.
245 0 _a Program pembangunan pengetahuan dalam sektor ekonomi utama di Malaysia (MyKe) /
_cPerbadanan Produktiviti Malaysia.
264 _aSelangor :
_bPerbadanan Produktiviti Malaysia,
_c2013.
300 _avii,126p. :
_b ill. ;
_c 24cm.
650 _aKnowledge management
_zMalaysia
_xEconomic aspects
_vPeriodicals
650 _aKnowledge workers
_zMalaysia
_vPeriodicals.
650 _aMalaysia
_xEconomic conditions
_y2000-
_vPeriodicals.
710 _aMalaysia.
_b Jabatan Perdana Menteri.
710 _b Unit Perancang Ekonomi
942 _2lcc
942 _cBK
942 _kHD30.2
942 _m .P47 2013
999 _c23833
_d23833